[Event "SM-gruppen"]
[Site "Linköping"]
[Date "2001.07.13"]
[Round "12"]
[White "Olsson, Anders"]
[Black "Eriksson, Anders"]
[Result "1-0"]
[WhiteElo "2265"]
[BlackElo "2335"]
[Board "1"]

1. e4 c6 2. d4 d5 3. e5 Bf5 4. Nf3 e6 5. Be2 c5 6. O-O Nc6 7. Be3 Bg4 8. 
dxc5 Bxf3 9. Bxf3 Nxe5 10. Be2 Nf6 11. Bb5+ Nc6 12. c4 Be7 13. Nc3 O-O 14.
cxd5 exd5 15. Qa4 d4 16. Rad1 Qc7 17. Bxd4 Nxd4 18. Qxd4 Bxc5 19. Qh4 Rad8
20. Bd3 Rfe8 21. Ne4 Nxe4 22. Bxe4 g6 23. Bd5 Rd7 24. Qf6 Qe5 25. Qf3 Qxb2
26. Bb3 Ree7 27. h4 Qe5 28. g3 Kg7 29. Kg2 h5 30. Rc1 b6 31. Rc4 Qe2 32. 
Qc3+ Qe5 33. Qf3 Rd6 34. Rf4 Rf6 35. Rxf6 Qxf6 36. Rd1 Qe5 37. Rd5 Qe2 38.
Qc3+ Kh7 39. Qf6 Qe4+ 40. Kh2 Qe6 41. Rxh5+ gxh5 42. Bxe6 fxe6 43. Qg5 e5 
44. Qxh5+ Kg8 45. Qg6+ Kf8 46. h5 e4 47. h6 Bd4 48. Kg2 Ba1 49. h7 Bg7 50.
Qf5+ 1-0

[Event "SM-gruppen"]
[Site "Linköping"]
[Date "2001.07.13"]
[Round "12"]
[White "Karlsson, Lars"]
[Black "Wedberg, Tom"]
[Result "1/2-1/2"]
[WhiteElo "2476"]
[BlackElo "2505"]
[Board "2"]

1. g3 c5 2. c4 Nc6 3. Bg2 e5 4. Nc3 g6 5. a3 a5 6. e3 Bg7 7. Nge2 Nge7 8. 
Nb5 d6 9. Nec3 f5 10. O-O O-O 11. f4 Be6 12. d3 Rb8 13. Nd5 Qd7 14. Rb1 b6
15. Bd2 Bf7 16. e4 fxe4 17. dxe4 Be6 18. Qc2 exf4 19. gxf4 Nd4 20. Nxd4 
Bxd4+ 21. Kh1 b5 22. Bxa5 bxc4 23. Nxe7+ Qxe7 24. Bc3 Bxc3 25. bxc3 Rb3 26.
Qd2 Kh8 27. Rbd1 Bg4 28. Qxd6 Qxd6 29. Rxd6 Rxc3 30. Rc6 Rxa3 31. Rxc5 Be2
32. Re1 Rxf4 33. Rxe2 Ra1+ 34. Bf1 Raxf1+ 1/2-1/2

[Event "SM-gruppen"]
[Site "Linköping"]
[Date "2001.07.13"]
[Round "12"]
[White "Hillarp Persson, Tiger"]
[Black "Cramling, Pia"]
[Result "1/2-1/2"]
[WhiteElo "2438"]
[BlackElo "2510"]
[Board "4"]

1. d4 d5 2. c4 c6 3. Nc3 dxc4 4. e4 b5 5. a4 b4 6. Na2 Nf6 7. e5 Nd5 8. 
Bxc4 e6 9. Nf3 Be7 10. Bd2 Ba6 11. Qe2 Bxc4 12. Qxc4 Nb6 13. Qc2 a5 14. Nc1
Qd5 15. Nd3 N8d7 16. Be3 Rc8 17. O-O O-O 18. Rfc1 Nb8 19. h4 h6 20. Nf4 Qd7
21. Qe4 Nd5 22. Nh5 Kh8 23. g4 c5 24. dxc5 Na6 25. Rd1 Nxc5 26. Bxc5 Rxc5 
27. g5 Qc7 28. gxh6 gxh6 29. Kh1 Rc4 30. Rd4 Rc1+ 31. Rd1 Rc4 32. Rd4 Rc1+
33. Rd1 1/2-1/2

[Event "SM-gruppen"]
[Site "Linköping"]
[Date "2001.07.13"]
[Round "12"]
[White "Barkhagen, Jonas"]
[Black "Carlsson, Pontus"]
[Result "0-1"]
[WhiteElo "2456"]
[BlackElo "2330"]
[Board "6"]

1. d4 Nf6 2. Nf3 e6 3. g3 c5 4. c4 cxd4 5. Nxd4 a6 6. Bg2 Qc7 7. b3 Bb4+ 8.
Bd2 Be7 9. O-O Nc6 10. Nc2 b6 11. Nc3 Bb7 12. e4 O-O 13. Qe2 d6 14. Rfd1 
Rfe8 15. Rac1 Rac8 16. Be3 Ne5 17. Nd4 Qb8 18. h3 Qa8 19. f4 Ned7 20. Bf2 
Bf8 21. Re1 g6 22. Nf3 Bc6 23. Rcd1 Rcd8 24. a4 Nc5 25. Nd4 Bb7 26. b4 Ncd7
27. Nc2 Rc8 28. Qd3 a5 29. b5 Nc5 30. Qe2 Rc7 31. Nd4 d5 32. cxd5 exd5 33.
e5 Nfe4 34. Nxe4 dxe4 35. Qc2 Rec8 36. Nc6 Bxc6 37. bxc6 Qxc6 38. Bxe4 Qxa4
39. Qxa4 Nxa4 40. Ra1 Nc5 41. Bc2 Ne6 42. Ba4 Bc5 43. Reb1 Bxf2+ 44. Kxf2 
Nc5 45. Rxb6 Nxa4 46. Rxa4 Rc2+ 47. Ke3 R8c3+ 48. Ke4 Rxg3 49. Rxa5 Rc4+ 
50. Kd5 Rxf4 51. h4 Rd3+ 52. Kc5 Rxh4 53. Ra7 Re3 54. Rb8+ Kg7 55. Re8 Rf4
56. e6 Re5+ 57. Kd6 Ref5 58. e7 Rd4+ 59. Kc6 Rc4+ 60. Kd6 Rd4+ 61. Kc6 Re4
62. Kd7 Rd5+ 63. Kc8 Rde5 64. Kd8 Kf6 65. Ra6+ Re6 66. Rxe6+ Rxe6 67. Rh8 
Rxe7 68. Rxh7 Re3 69. Rh1 g5 70. Kd7 g4 71. Kd6 Rd3+ 72. Kc5 Kg5 73. Kc4 
Rd8 0-1

[Event "SM-gruppen"]
[Site "Linköping"]
[Date "2001.07.13"]
[Round "12"]
[White "Brynell, Stellan"]
[Black "Åkesson, Ralf"]
[Result "0-1"]
[WhiteElo "2486"]
[BlackElo "2481"]
[Board "7"]

1. e4 c6 2. d4 d5 3. exd5 cxd5 4. c4 Nf6 5. Nc3 e6 6. Nf3 Bb4 7. Bd3 O-O 8.
O-O dxc4 9. Bxc4 a6 10. a4 Nc6 11. Bg5 h6 12. Bh4 Be7 13. Re1 Bd7 14. Qe2 
Nh5 15. Bxe7 Nxe7 16. Ne5 Nf6 17. Ne4 Nxe4 18. Qxe4 Bc6 19. Nxc6 bxc6 20. 
Bd3 g6 21. a5 Qd6 22. Qe2 Qxd4 23. Bxa6 Rfb8 24. Red1 Qf6 25. Rd2 Nd5 26. 
g3 Qd8 27. Rd4 Ra7 28. Rda4 Qf6 29. Bc4 Rxb2 30. Qe1 Nc3 31. R4a3 Ne4 32. 
Be2 h5 33. a6 h4 34. Rc1 h3 35. Rf3 Qd4 36. Re3 Nd2 37. Rxc6 Qd5 38. Rc8+ 
Kh7 39. Bf1 Rb1 40. Rc1 Nxf1 0-1

[Event "SM-gruppen"]
[Site "Linköping"]
[Date "2001.07.14"]
[Round "13"]
[White "Wedberg, Tom"]
[Black "Berg, Emanuel"]
[Result "1/2-1/2"]
[WhiteElo "2505"]
[BlackElo "2496"]
[Board "3"]

1. e4 e6 2. d4 d5 3. Nc3 Bb4 4. e5 c5 5. a3 Bxc3+ 6. bxc3 Qc7 7. Qg4 f5 8.
Qh5+ g6 9. Qd1 Bd7 10. Nf3 Ba4 11. Rb1 Nc6 12. dxc5 h6 13. h4 Rh7 14. Rh3 
Nxe5 15. Nxe5 Qxe5+ 16. Re3 Qf6 17. Qxd5 Re7 18. Qd4 Bxc2 19. Rb2 Qxd4 20.
cxd4 Be4 21. Bc4 O-O-O 22. Rb4 Nf6 23. Rg3 a5 24. Rb6 Rxd4 25. Bxe6+ Nd7 
26. Bb2 Ra4 27. Rxg6 Kc7 28. Bxd7 Bc6+ 29. Re6 Kxd7 30. Rxe7+ Kxe7 31. g3 
Rc4 32. Rb3 Rxc5 33. Re3+ Kd6 34. Kd2 Be4 35. Bc3 Rd5+ 36. Ke2 b6 37. f3 
Bc2 38. Bg7 Bd1+ 39. Ke1 h5 40. Rc3 b5 41. Bh6 Kd7 42. Bd2 Ba4 43. Re3 Rd6
44. Bxa5 Re6 45. Kf2 Rxe3 46. Kxe3 Bd1 1/2-1/2

[Event "SM-gruppen"]
[Site "Linköping"]
[Date "2001.07.14"]
[Round "13"]
[White "Cramling, Pia"]
[Black "Karlsson, Lars"]
[Result "1/2-1/2"]
[WhiteElo "2510"]
[BlackElo "2476"]
[Board "4"]

1. d4 e6 2. c4 f5 3. g3 Nf6 4. Bg2 Bb4+ 5. Nd2 O-O 6. Nf3 d6 7. O-O Bxd2 8.
Qxd2 Qe7 9. b3 e5 10. dxe5 dxe5 11. Bb2 Nc6 12. Qc3 1/2-1/2

[Event "SM-gruppen"]
[Site "Linköping"]
[Date "2001.07.14"]
[Round "13"]
[White "Couso, Luis"]
[Black "Barkhagen, Jonas"]
[Result "1-0"]
[WhiteElo "2324"]
[BlackElo "2456"]
[Board "7"]

1. e4 e5 2. Nf3 Nc6 3. Bb5 a6 4. Ba4 Nf6 5. O-O Nxe4 6. d4 b5 7. Bb3 d5 8.
dxe5 Be6 9. c3 Be7 10. Nbd2 Nc5 11. Bc2 Bg4 12. Re1 d4 13. h3 Bh5 14. cxd4
Nxd4 15. Bb1 Qd5 16. g4 Bg6 17. Nxd4 Qxd4 18. Nb3 Qxd1 19. Rxd1 Na4 20. Na5
Rd8 21. Rxd8+ Kxd8 22. Bf5 Bxf5 23. gxf5 Kd7 24. b3 Bb4 25. Bd2 Bxa5 26. 
Bxa5 Nb6 27. Bxb6 cxb6 28. Rd1+ Kc7 29. f4 f6 30. Kg2 fxe5 31. fxe5 Rf8 32.
Rf1 Kc6 33. Kg3 Kd7 34. Kf4 Ke7 35. Rc1 Kd7 36. e6+ 1-0